| 000 | 00422nam a2200157Ia 4500 | ||
|---|---|---|---|
| 008 | 220216s9999 xx 000 0 und d | ||
| 100 | _aViswanathan P K | ||
| 245 | 0 | _aRubber thadi samskaranavum ulpannanirmanavum | |
| 260 |
_bRubber Mithram (Malayalam) _c1999 |
||
| 300 | _aDec-15 | ||
| 650 | _aRubberwood | ||
| 650 | _aRubberwood processing | ||
| 650 | _aRubberwood products | ||
| 700 | _aaToms Joseph | ||
| 942 | _cBO | ||
| 999 |
_c48040 _d48040 |
||